| 000 | 005270000a22001810004500 | ||
|---|---|---|---|
| 003 | MACL | ||
| 005 | 20160205161851.0 | ||
| 008 | 160205b xxu||||| |||| 00| 0 eng d | ||
| 040 |
_aMACL _cMACL |
||
| 041 | _aHindi | ||
| 082 | _a100 | ||
| 100 |
_aगौतम डा. चमनलाल _936981 |
||
| 245 | _aवृत्ति प्रभाकर | ||
| 260 |
_bसंर्स्कति संस्थान _c1974 _aबरेली |
||
| 350 | _a7.50 | ||
| 650 |
_aPhilosophy _936982 |
||
| 942 |
_cHIN _k100 _2ddc |
||
| 999 |
_c26980 _d26980 |
||